Understanding nutrition / (Record no. 33505)
[ view plain ]
| 000 -LEADER | |
|---|---|
| fixed length control field | 01287cam a2200373 i 4500 |
| 001 - CONTROL NUMBER | |
| control field | 18169387 |
| 003 - CONTROL NUMBER IDENTIFIER | |
| control field | JO-AjAnu |
| 005 - DATE AND TIME OF LATEST TRANSACTION | |
| control field | 20240608130159.0 |
| 008 - FIXED-LENGTH DATA ELEMENTS--GENERAL INFORMATION | |
| fixed length control field | 140529t20162016caua b 001 0 eng |
| 010 ## - LIBRARY OF CONGRESS CONTROL NUMBER | |
| LC control number | 2014942010 |
| 020 ## - INTERNATIONAL STANDARD BOOK NUMBER | |
| International Standard Book Number | 9781285874340 (hbk : student edition) |
| 020 ## - INTERNATIONAL STANDARD BOOK NUMBER | |
| International Standard Book Number | 128587434X (hbk : student edition) |
| 020 ## - INTERNATIONAL STANDARD BOOK NUMBER | |
| International Standard Book Number | 9781305254282 (looseleaf edition) |
| 020 ## - INTERNATIONAL STANDARD BOOK NUMBER | |
| International Standard Book Number | 1305254287 (looseleaf edition) |
| 040 ## - CATALOGING SOURCE | |
| Original cataloging agency | DLC |
| Language of cataloging | eng |
| Transcribing agency | DLC |
| Description conventions | rda |
| Modifying agency | DLC |
| -- | JO-AjAnu |
| 041 ## - LANGUAGE CODE | |
| Language code of text/sound track or separate title | eng |
| Language code of original | eng |
| 050 00 - LIBRARY OF CONGRESS CALL NUMBER | |
| Classification number | QP141 |
| Item number | .W46 2019 |
| 100 1# - MAIN ENTRY--PERSONAL NAME | |
| Personal name | Whitney, Eleanor Noss, |
| Relator term | author. |
| 245 10 - TITLE STATEMENT | |
| Title | Understanding nutrition / |
| Statement of responsibility, etc. | Ellie Whitney, Sharon Rady Rolfes. |
| 250 ## - EDITION STATEMENT | |
| Edition statement | Fourteenth edition. |
| 264 #1 - PRODUCTION, PUBLICATION, DISTRIBUTION, MANUFACTURE, AND COPYRIGHT NOTICE | |
| Place of production, publication, distribution, manufacture | Belmont, CA : |
| Name of producer, publisher, distributor, manufacturer | Cengage Learning, |
| Date of production, publication, distribution, manufacture, or copyright notice | [2019] |
| 264 #4 - PRODUCTION, PUBLICATION, DISTRIBUTION, MANUFACTURE, AND COPYRIGHT NOTICE | |
| Date of production, publication, distribution, manufacture, or copyright notice | ©2019 |
| 300 ## - PHYSICAL DESCRIPTION | |
| Extent | 1 volume (various pagings) : |
| Other physical details | color illustrations ; |
| Dimensions | 29 cm |
| 336 ## - CONTENT TYPE | |
| Content type term | text |
| Source | rdacontent |
| 337 ## - MEDIA TYPE | |
| Media type term | unmediated |
| Source | rdamedia |
| 338 ## - CARRIER TYPE | |
| Carrier type term | volume |
| Source | rdacarrier |
| 504 ## - BIBLIOGRAPHY, ETC. NOTE | |
| Bibliography, etc. note | Includes bibliographical references and index. |
| 650 #0 - SUBJECT ADDED ENTRY--TOPICAL TERM | |
| Topical term or geographic name entry element | Nutrition |
| Form subdivision | Textbooks. |
| 700 1# - ADDED ENTRY--PERSONAL NAME | |
| Personal name | Rolfes, Sharon Rady, |
| Relator term | author. |
| 906 ## - LOCAL DATA ELEMENT F, LDF (RLIN) | |
| a | 7 |
| b | cbc |
| c | origcop |
| d | 2 |
| e | epcn |
| f | 20 |
| g | y-gencatlg |
| 942 ## - ADDED ENTRY ELEMENTS (KOHA) | |
| Source of classification or shelving scheme | Library of Congress Classification |
| Koha item type | Books |
| Suppress in OPAC | No |
| Withdrawn status | Lost status | Source of classification or shelving scheme | Damaged status | Not for loan | Home library | Current library | Date acquired | Total Checkouts | Full call number | Barcode | Date last seen | Price effective from | Koha item type |
|---|---|---|---|---|---|---|---|---|---|---|---|---|---|
| Library of Congress Classification | مكتبة جامعة عجلون الوطنية | مكتبة جامعة عجلون الوطنية | 08/06/2024 | QP141.W46 2019 | e3731 | 08/06/2024 | 08/06/2024 | Books | |||||
| Library of Congress Classification | مكتبة جامعة عجلون الوطنية | مكتبة جامعة عجلون الوطنية | 08/06/2024 | QP141.W46 2019 | e3732 | 08/06/2024 | 08/06/2024 | Books |